000 00274nam a2200109Ia 4500
008 200302s9999 xx 000 0 und d
100 _aChristopher Alexander
245 _aA New Theory of Urban Design
260 _bOxford & IBH Publishing Co.
260 _c1987
300 _a251
999 _c5304
_d5304